Boccaccio. (Record no. 2281)

MARC details
000 -LEADER
fixed length control field 00890cam a22002531 4500
001 - CONTROL NUMBER
control field af 47003651
003 - CONTROL NUMBER IDENTIFIER
control field DLC
005 - DATE AND TIME OF LATEST TRANSACTION
control field 20260227110821.0
008 - FIXED-LENGTH DATA ELEMENTS--GENERAL INFORMATION
fixed length control field 780809s1945 it ah b 000 0 ita c
010 ## - LIBRARY OF CONGRESS CONTROL NUMBER
LC control number af 47003651
035 ## - SYSTEM CONTROL NUMBER
System control number (OCoLC)4123094
040 ## - CATALOGING SOURCE
Original cataloging agency Yale Univ. Library
Transcribing agency KyLoU
Modifying agency DLC
042 ## - AUTHENTICATION CODE
Authentication code premarc
050 00 - LIBRARY OF CONGRESS CALL NUMBER
Classification number PQ4277
Item number .G7 1945
100 1# - MAIN ENTRY--PERSONAL NAME
Personal name Grabher, Carlo,
Dates associated with a name 1897-
245 00 - TITLE STATEMENT
Title Boccaccio.
Statement of responsibility, etc. Con figure nel testo e tre tavole fuori testo.
260 ## - PUBLICATION, DISTRIBUTION, ETC.
Place of publication, distribution, etc. [Torino]
Name of publisher, distributor, etc. Unione tipografico-editrice torinese,
Date of publication, distribution, etc. 1945.
300 ## - PHYSICAL DESCRIPTION
Extent 3 p. l., 9-233, [1] p.
Other physical details illus. (incl. facsims.) III pl. (incl. port.)
Dimensions 22 cm.
490 1# - SERIES STATEMENT
Series statement I Grandi Italiani, collana di biografie.
Volume/sequential designation v. 8
500 ## - GENERAL NOTE
General note First published under title: Giovanni Boccaccio.
504 ## - BIBLIOGRAPHY, ETC. NOTE
Bibliography, etc. note "Nota bibiografica [!]": p. 229-231.
600 10 - SUBJECT ADDED ENTRY--PERSONAL NAME
Personal name Boccaccio, Giovanni,
Dates associated with a name 1313-1375.
830 #0 - SERIES ADDED ENTRY--UNIFORM TITLE
Uniform title Grandi italiani ;
Volume/sequential designation v. 8.

No items available.

Powered by Koha